LEADER 01335cas--2200433---4500 001 990000333670203316 005 20140408172007.0 011 $a0264-9381 035 $a0033367 035 $aUSA010033367 035 $a(ALEPH)000033367USA01 035 $a0033367 100 $a20010202d1984----km-y0ENGy0103----ba 101 $aeng 102 $aGB 110 $aafazz--|||| 200 1 $aClassical and quantum gravity$fInstitute of Physics 207 1$aA.1, n.1(1984)- 210 $aBristol$cInstitute of Physics$d1984- 215 $av.$cill.$d24 cm 326 $aMensile 606 0$aFisica$xPeriodici$2BNCF 676 $a530.5 712 02$aInstitute of Physics 801 0$aIT$bsalbc$gISBD 856 4$uhttp://iopscience.iop.org/0264-9381/$4.$zOnline da workstation autorizzate 912 $a990000333670203316 958 $aSC$bPER IV$c1984- 959 $aSE 979 $aPATTY$b90$c20010202$lUSA01$h1435 979 $c20020403$lUSA01$h1641 979 $aPATRY$b90$c20040406$lUSA01$h1623 979 $aCIANATIEMP$b90$c20110118$lUSA01$h1032 979 $aCIANATIEMP$b90$c20110207$lUSA01$h1255 979 $aANGELA$b90$c20120402$lUSA01$h1733 979 $aANGELA$b90$c20120424$lUSA01$h1302 979 $aPATRY$b90$c20140408$lUSA01$h1720 996 $aClassical and quantum gravity$9796936 997 $aUNISA LEADER 01812nam 2200361 n 450 001 996394354103316 005 20200824121726.0 035 $a(CKB)4940000000120825 035 $a(EEBO)2264214439 035 $a(UnM)99835967e 035 $a(UnM)99835967 035 $a(EXLCZ)994940000000120825 100 $a19900820d1630 uy | 101 0 $aeng 135 $aurbn||||a|bb| 200 04$aThe mystery of selfe-deceiuing: or, A discourse and discouery of the deceitfulnesse of mans heart. Written by the late faithfull minister of Gods Word Daniel Dyke, Batchelor in Diuinitie. Published since his death, by his brother I.D. minister of Gods word$b[electronic resource] 205 $aAnd now by him augmented and inlarged, and therevnto two exquisite tables added, enlightening much the whole treatise. 210 $aLondon $cPrinted by William Stansby, and are to bee sold by Richard Higgenbotham, in Pauls Church-yard, at the signe of the white Lyon$d1630 215 $a[14], 288, 277-308, 321-438, [24] p 300 $aEditor's dedication signed: Ier. Dyke. 300 $aRunning title reads: The deceitfulnesse of mans heart. 300 $aReproduction of the original in the Union Theological Seminary (New York, N.Y.). Library. 330 $aeebo-0160 700 $aDyke$b Daniel$fd. 1614.$01004969 701 $aDyke$b Jeremiah$f1584-1639.$01001094 801 0$bCu-RivES 801 1$bCu-RivES 801 2$bCStRLIN 801 2$bWaOLN 906 $aBOOK 912 $a996394354103316 996 $aThe mystery of selfe-deceiuing: or, A discourse and discouery of the deceitfulnesse of mans heart. Written by the late faithfull minister of Gods Word Daniel Dyke, Batchelor in Diuinitie. Published since his death, by his brother I.D. minister of Gods Word$92313658 997 $aUNISA